| 000 | 00908nkm a2200313 c 4500 | ||
|---|---|---|---|
| 999 |
_c211529 _d211529 |
||
| 003 | BLK | ||
| 005 | 20200429152844.0 | ||
| 008 | 180412b bul rap|r|||| r0| ||bulo| | ||
| 010 | _aKNG00184038000 | ||
| 040 | _aBLK | ||
| 041 |
_aSLS _cDRU |
||
| 080 |
_aХудожествени ръкоделия _b746 _z746 |
||
| 100 | 1 |
_aMannova, Marta _eпърви автор _917767 |
|
| 139 |
_aMannova, Marta _bM 25 _gМ 27 М |
||
| 245 | 1 | 0 |
_aVysivky _cMarta Mannova. |
| 257 | _aSLK | ||
| 260 |
_bPraca _c1975 |
||
| 300 |
_a152 p. _bill. _c28 cm |
||
| 380 | _a7 | ||
| 650 | 4 |
_aХудожествени ръкоделия _9283672 |
|
| 653 | _aръкоделие | ||
| 653 | _aбродерия | ||
| 653 | _aшевици | ||
| 852 | _aЦб Гр А ІІ 2250 | ||
| 856 | 4 |
_qpdf _u |
|
| 856 | 4 |
_qpdf _u |
|
| 942 |
_cGRA _n0 _s1 |
||
| 944 |
_aCR _c22.10.2015 _kКамелия_Данева |
||
| 944 |
_aED _c26.10.2015 _kИрена_Линкова |
||
| 999 | _d211529 | ||